<?xml version="1.0" encoding="UTF-8"?>
<record
    xmlns:xsi="http://www.w3.org/2001/XMLSchema-instance"
    xsi:schemaLocation="http://www.loc.gov/MARC21/slim http://www.loc.gov/standards/marcxml/schema/MARC21slim.xsd"
    xmlns="http://www.loc.gov/MARC21/slim">

  <leader>00189nam a2200085   4500</leader>
  <controlfield tag="001">1254687</controlfield>
  <controlfield tag="005">20251120132518.0</controlfield>
  <datafield tag="245" ind1=" " ind2=" ">
    <subfield code="a">K&#xDC;T&#xDC;PHANE YOLUNDA</subfield>
    <subfield code="c">AYLA &#xC7;INARO&#x11E;LU</subfield>
  </datafield>
  <datafield tag="260" ind1=" " ind2=" ">
    <subfield code="b">U&#xC7;ANBALIK</subfield>
  </datafield>
  <datafield tag="999" ind1=" " ind2=" ">
    <subfield code="c">1254687</subfield>
    <subfield code="d">1254687</subfield>
  </datafield>
  <datafield tag="952" ind1=" " ind2=" ">
    <subfield code="0">0</subfield>
    <subfield code="1">0</subfield>
    <subfield code="2">ddc</subfield>
    <subfield code="4">0</subfield>
    <subfield code="7">0</subfield>
    <subfield code="a">1061</subfield>
    <subfield code="b">1061</subfield>
    <subfield code="d">2025-11-20</subfield>
    <subfield code="l">2</subfield>
    <subfield code="o">P4</subfield>
    <subfield code="p">1061286158</subfield>
    <subfield code="r">2025-12-16 13:27:23</subfield>
    <subfield code="s">2025-12-03</subfield>
    <subfield code="w">2025-11-20</subfield>
    <subfield code="y">BK</subfield>
  </datafield>
</record>
